Sea Animals / (رقم التسجيلة. 127870)

تفاصيل مارك
000 -LEADER
fixed length control field 00516nam a22002057a 4500
005 - DATE AND TIME OF LATEST TRANSACTION
control field 20251108175154.0
008 - FIXED-LENGTH DATA ELEMENTS--GENERAL INFORMATION
fixed length control field 250721s9999 xx 000 0 eng d
020 ## - INTERNATIONAL STANDARD BOOK NUMBER
International Standard Book Number 721417086
082 14 - DEWEY DECIMAL CLASSIFICATION NUMBER
Classification number J/372.3/HAN
100 1# - MAIN ENTRY--PERSONAL NAME
Personal name hannaford, priscilla
245 10 - TITLE STATEMENT
Title Sea Animals /
264 1# - PRODUCTION, PUBLICATION, DISTRIBUTION, MANUFACTURE, AND COPYRIGHT NOTICE
Place of production, publication, distribution, manufacture LONDON :
Name of producer, publisher, distributor, manufacturer ladybird,
Date of production, publication, distribution, manufacture, or copyright notice [200-].
300 ## - PHYSICAL DESCRIPTION
Extent 30 P.
490 0# - SERIES STATEMENT
Series statement young discovery
650 17 - SUBJECT ADDED ENTRY--TOPICAL TERM
Topical term or geographic name as entry element ANIMALS
653 ## - INDEX TERM--UNCONTROLLED
Uncontrolled term ناشئون صغار ( 10 - 14 سنة )
653 ## - INDEX TERM--UNCONTROLLED
Uncontrolled term sea animals
942 ## - ADDED ENTRY ELEMENTS (KOHA)
Source of classification or shelving scheme Dewey Decimal Classification
Koha item type كتب
المقتنيات
حالة السحب حالة الفقدان مصدر التصنيف حالة التلف غير قابل للإعارة المكتبة الرئيسية المكتبة الحالية موقع الرف تاريخ التزويد الرقم المتسلسل Total Checkouts رقم الإستدعاء الباركود تاريخ آخر ظهور تاريخ الفاتورة نوع المادة (كوها)
    Dewey Decimal Classification     مكتبة البشائر للأطفال مكتبة البشائر للأطفال الأطفال 02/06/2015 528166   J/372.3/HAN PLD00328462 28/07/2025 02/06/2015 كتب
Implemented & Customized by: BBB with SCIT (Smart Chains for Information Technology)

Powered by Koha